Economía internacional (Registro nro. 3727)

Detalles MARC
000 -LEADER
fixed length control field 02305 a2200301 4500
001 - CONTROL NUMBER
control field 43857
005 - DATE AND TIME OF LATEST TRANSACTION
control field 20260407155719.0
008 - FIXED-LENGTH DATA ELEMENTS--GENERAL INFORMATION
fixed length control field 260407a2016 arg spa d
003 - CONTROL NUMBER IDENTIFIER
control field AR-UNSa-BCEJYS
040 ## - CATALOGING SOURCE
Original cataloging agency AR-UNSa-BCEJYS
Language of cataloging spa
Transcribing agency AR-UNSa-BCEJYS
080 ## - UNIVERSAL DECIMAL CLASSIFICATION NUMBER
Universal Decimal Classification number 339.9
Common auxiliary subdivision Economía internacional en general. Relaciones económicas internacionales. Economía mundial
020 ## - INTERNATIONAL STANDARD BOOK NUMBER
International Standard Book Number 978-84-9035-296-0
041 ## - LANGUAGE CODE
Language code of text/sound track or separate title spa
100 1# - MAIN ENTRY--PERSONAL NAME
Personal name Krugman, Paul R.
245 10 - TITLE STATEMENT
Title Economía internacional
Name of part/section of a work teoría y política
250 ## - EDITION STATEMENT
Edition statement 10a. ed.
264 #1 - PRODUCTION, PUBLICATION, DISTRIBUTION, MANUFACTURE, AND COPYRIGHT NOTICE
Place of production, publication, distribution, manufacture Madrid :
Name of producer, publisher, distributor, manufacturer Pearson Educación
Date of production, publication, distribution, manufacture, or copyright notice 2016
300 ## - PHYSICAL DESCRIPTION
Extent xxxiii, 753 p.
Dimensions 25 cm.
505 ## - FORMATTED CONTENTS NOTE
Formatted contents note 1. Introducción - 2. Comercio mundial: una visión general - 3. Productividad del trabajo y ventaja comparativa: el modelo ricardiano - 4. Factores específicos y distribución de la renta - 5. Recursos y comercio: el modelo Heckscher-Ohlin - 6. El modelo estándar de comercio - 7. Economías externas de escala y localización internacional de la producción - 8. Las empresas en la economía global: decisiones de exportación , contratación externa y empresas multinacionales - 9. Los instrumentos de la política comercial - 10. La economía política de la política comercial - 11. La política comercial en los países en vías de desarrollo - 12. Controversias de la política comercial - 13. La contabilidad nacional y la balanza de pagos - 14. Los tipos de cambio y el mercado de divisas: un enfoque de activos - 15. El dinero, los tipos de interés y los tipos de cambio - 16. El nivel de precios y el tipo de cambio a largo plazo - 17. La producción nacional y el tipo de cambio a corto plazo - 18. Los tipos de cambio fijos y la intervención en los mercados de divisas - 19. Sistemas monetarios internacionales: una visión histórica - 20. Areas monetarias óptimas y la experiencia europea - 21. Globalización financiera: oportunidades y crisis - 22. Países en desarrollo: crecimiento, crisis y reforma
590 ## - LOCAL NOTE (RLIN)
Local note niveau_biblio:m niveau_hierar:0
700 1# - ADDED ENTRY--PERSONAL NAME
Personal name Obstfeld, Maurice
700 1# - ADDED ENTRY--PERSONAL NAME
Personal name Gestión Editorial Avanzada
700 1# - ADDED ENTRY--PERSONAL NAME
Personal name Melitz, Marc J.
700 1# - ADDED ENTRY--PERSONAL NAME
Personal name Requena, Francisco
700 1# - ADDED ENTRY--PERSONAL NAME
Personal name Esteve, Vicente
856 41 - ELECTRONIC LOCATION AND ACCESS
Uniform Resource Identifier <a href="https://biblioeco.unsa.edu.ar/pmb/images/libros/L126821.jpg">https://biblioeco.unsa.edu.ar/pmb/images/libros/L126821.jpg</a>
Link text Imagen de portada
Electronic format type image/jpeg
942 ## - ADDED ENTRY ELEMENTS (KOHA)
Koha item type
Existencias
Withdrawn status Lost status Damaged status Not for loan Home library Current library Shelving location Date acquired Total checkouts Full call number Barcode Date last seen Price effective from Koha item type
        Biblioteca Prof. Eusebio Cleto del Rey Biblioteca Prof. Eusebio Cleto del Rey   07/04/2026   339.9 K94 10ed. L126821 07/04/2026 07/04/2026 Libro
        Biblioteca Prof. Eusebio Cleto del Rey Biblioteca Prof. Eusebio Cleto del Rey   07/04/2026   339.9 K94 10ed. L126822 07/04/2026 07/04/2026 Libro
        Biblioteca Prof. Eusebio Cleto del Rey Biblioteca Prof. Eusebio Cleto del Rey   07/04/2026   339.9 K94 10ed. L126820 07/04/2026 07/04/2026 Libro